| 000 | 01443nab a2200241 i 4500 | ||
|---|---|---|---|
| 001 | 768714001 | ||
| 003 | CO-MdFUSB | ||
| 005 | 20230419092600.0 | ||
| 008 | 171012s2016 gt ||||| |||| 00| 0 spa d | ||
| 022 | _a1014-9341 | ||
| 040 |
_aCO-MdFUSB _bspa _cCO-MdFUSB _dCO-MdFUSB |
||
| 041 | _aspa | ||
| 100 |
_aWilliams, Gary _eautor |
||
| 245 |
_aEl uso de Deuteronomio 32: 43 en Hebreos 1: 6 _c/ Gary Williams |
||
| 300 |
_aNúmero 58-59 (Enero - Diciembre, 2016), páginas 195-236 _c; 22 cm |
||
| 520 | 1 | _aTres problemas relaciones con la cita en Hebreos 1:6b son su fuente, su inerrancia y su uso. Una evaluación de las varias soluciones propuestas, las evidencias y los argumentos indica que el autor de Hebreos tomó la cita de una parte de Dt 32:43 (LXX) que no estaba en el texto original; que sin embargo, no incurrió en error al identificarla como revelación antiguotestatamentaria, porque la sustancia de la cita se halla en Salm 29:1-2 148:2; y que usó lo citado de una manera que armoniza con su uso en Dt32:43 (LXX) y con el uso de la sustancia en Sal 29:1-2 y 148:2. | |
| 630 | 0 | 7 |
_aBiblia. _pDeuteronomio _xCrítica, interpretación, etc. |
| 630 | 0 | 7 |
_aBiblia. _pHebreos _xCrítica, interpretación, etc. |
| 650 | 7 |
_9418 _aHermenéutica |
|
| 653 | _aUso del antiguo testamento en el nuevo testamento | ||
| 773 |
_049489 _976153 _gNúmero 58-59 (Enero - Diciembre, 2016), páginas 195-236 _qPágina 195 _tKairós |
||
| 942 | _cANA | ||
| 999 |
_c64078 _d64078 |
||